Statistics for US States in More than one Time Zone

Click here to take the quiz!

General Stats

  • This quiz has been taken 28 times
  • The average score is 11 of 13

Answer Stats

Answer% Correct
Texas
96%
Alaska
88%
Idaho
88%
Florida
85%
Kansas
85%
Indiana
81%
Kentucky
81%
South Dakota
81%
Tennessee
81%
Michigan
77%
Nebraska
77%
North Dakota
77%
Oregon
58%

Score Distribution

Percentile by Number Answered

Percent of People with Each Score

Your Score History

You have not taken this quiz